Le, La, Les, L' food in french - Statistics

General Stats
  • This quiz has been taken 27 times
    6 since last reset
  • The average score is 10 of 15
Answer Stats
Hint Answer % Correct
The Jam la confiture
80%
The Flour la farine
80%
The Butter le beurre
80%
The Chocolate le chocolat
80%
The White Chocolate Le chocolat blanc
80%
The Milk le lait
80%
The pancakes les crêpes
80%
The Salt Le Sel
80%
The eggs les œufs
80%
The Sugar le sucre
80%
The Oil L'huile
80%
The Gelatin La gélatine
60%
The Vinegar Le Vinaigre
60%
The Cocoa Powder Le cacao
40%
The Puff Pastry La Pâte feuilletée
0%
No matching quizzes found
Score Distribution
Percent of People with Each Score
Percentile by Number Answered
Your Score History
You have not taken this quiz since the last reset